Sustainable tourism : a geographical perspective /
This book is about: The geography of sustainable tourism development; Historical antecedents of sustainable development and ecotourism; land and culture; ...
Na minha lista:
| Formato: | Livro |
|---|---|
| Idioma: | English |
| Publicado em: |
Harlow [England] :
Longman,
1998.
|
| Assuntos: | |
| Tags: |
Adicionar Tag
Sem tags, seja o primeiro a adicionar uma tag!
|
| Thư viện lưu trữ: | Mạng thư viện Đại học Đà Nẵng |
|---|
| LEADER | 00966cam a2200313 i 4500 | ||
|---|---|---|---|
| 001 | 000048349 | ||
| 003 | 8065 | ||
| 005 | 20030306164604.0 | ||
| 008 | 010316|1998 vm 000 eng | ||
| 020 | |a 0582322626 | ||
| 040 | |a IRC |c IRC |d IRC | ||
| 041 | 0 | |a eng | |
| 082 | 1 | 4 | |a 338.4791 |b Su-T |
| 245 | 0 | 0 | |a Sustainable tourism : |b a geographical perspective / |c Edited by C. Michael Hall and Alan A. Lew. |
| 260 | |a Harlow [England] : |b Longman, |c 1998. | ||
| 300 | |a xii, 236 p. : |b ill., maps ; |c 23.5cm. | ||
| 520 | 3 | |a This book is about: The geography of sustainable tourism development; Historical antecedents of sustainable development and ecotourism; land and culture; ... | |
| 630 | 0 | 4 | |a Tourism. |
| 650 | 0 | 4 | |a Tourism. |
| OWN | |a DUT | ||
| 999 | |a From the UDN01 | ||
| TYP | |a Monograph | ||
| TYP | |a Printed language | ||
| 980 | |a Mạng thư viện Đại học Đà Nẵng | ||


